000 00759nam a2200229 i 4500
001 188552
003 ES-MaACL
005 20251011063203.0
008 181219s1976 sp |||| | spa d
020 _a84-209-1294-8
100 1 _aFellini, Federico,
_d1920-1993
_949222
245 1 0 _aRoma /
_cFederico Fellini ; con una introducción del autor ; [traducción de E. Ripoll-Freixes].
260 _aBarcelona :
_bAymá,
_c1976.
300 _a189 p., 6 lám. ;
_c19 cm.
490 1 _aVoz imagen.
_aCine ;
_v29
655 4 _2tgfbne
_9234355
_aGuiones cinematográficos
700 1 _aRipoll-Freixes, Enric.
_997434
830 1 _aVoz imagen.
_aCine ;
_v29
_9193071
852 _aES-MaACL
_jP-155-bis-24
942 _2udc
999 _c188552
_d188552